Central Library OPAC University of Rajshahi

Vorlesungen über Differentialgeometrie / (Record no. 50827)

MARC details
000 -LEADER
fixed length control field 00947nam a2200253 a 4500
001 - CONTROL NUMBER
control field 50827
003 - CONTROL NUMBER IDENTIFIER
rucl marc code BD-RjUL
005 - DATE AND TIME OF LATEST TRANSACTION
control field 20211209075554.0
008 - FIXED-LENGTH DATA ELEMENTS--GENERAL INFORMATION
fixed length control field 160828s1961 gw 001 0 ger d
035 ## - SYSTEM CONTROL NUMBER
System control number (BD-RjUL)50947
040 ## - CATALOGING SOURCE
Original cataloging agency RBN
Transcribing agency RBN
Modifying agency EQO
-- BD-RjUL
Language of cataloging eng
041 1# - LANGUAGE CODE
Language code of text/sound track or separate title ger
Language code of original fre
082 ## - DEWEY DECIMAL CLASSIFICATION NUMBER
Edition number 23
Classification number 516.36
Author mark and year VRV 1961
100 1# - MAIN ENTRY--PERSONAL NAME
Personal name Vrănceanu, Gheorghe.
9 (RLIN) 152146
245 10 - TITLE STATEMENT
Title Vorlesungen über Differentialgeometrie /
Statement of responsibility, etc. In deutscher Sprache bearb. und hrsg. von Max Pinl.
260 ## - PUBLICATION, DISTRIBUTION, ETC. (IMPRINT)
Place of publication, distribution, etc. Berlin :
Name of publisher, distributor, etc. Akademie-Verlag,
Date of publication, distribution, etc. c1961.
300 ## - PHYSICAL DESCRIPTION
Pagination viii, 405 p. ;
Size 25 cm.
490 1# - SERIES STATEMENT
Series statement Mathematische Lehrbücher und Monographien. II. Abteilung, Mathematische Monographien ;
Volume/sequential designation Bd. XII-XIII
500 ## - GENERAL NOTE
General note Translation of Leçons de géometrie différentielle (1947-1957)
650 #0 - SUBJECT ADDED ENTRY--TOPICAL TERM
Topical term or geographic name as entry element Geometry, Differential.
9 (RLIN) 152147
700 1# - ADDED ENTRY--PERSONAL NAME
Personal name Pinl, Max.
830 #0 - SERIES ADDED ENTRY--UNIFORM TITLE
Uniform title Mathematische Lehrbücher und Monographien.
Volume number/sequential designation Bd. XII-XIII
942 ## - ADDED ENTRY ELEMENTS (KOHA)
Source of classification or shelving scheme Dewey Decimal Classification
Koha item type Books
Holdings
Lost status Source of classification or shelving scheme Damaged status Not for loan Collection code Permanent Location Current Location Shelving location Date acquired Source of acquisition Cost, normal purchase price Total Checkouts Full call number Date last seen Copy number Koha item type
  Dewey Decimal Classification     Non-fiction Central Library, University of Rajshahi Central Library, University of Rajshahi   31/01/1963 Zeitlinger 139.80   516.36 VRV 1961 28/08/2016 C-2 Books